000 00680nam a2200241Ia 4500
003 OSt
005 20220918201407.0
006 a|||||r|||| 00| 0
007 ta
008 220917b |||||||| |||| 00| 0 eng d
024 _a93,631
037 _cTextual
040 _aARTS
_cARTS
_beng
041 _2eng
_aeng
082 _aV1N4x, L7.8
100 _aCordier Andrew W
_998533
245 0 _aPublic papers of the Secretary General of the United Nations
260 _aN.Y
_bColumbia Univ Press
_c1977
650 _aHISTORY
700 _a Harrelson Max
_998534
942 _hV1N4x, L7.8
_cTEXL
_2CC
999 _c217273
_d217273